<?xml version="1.0" encoding="UTF-8"?>
<record
    xmlns:xsi="http://www.w3.org/2001/XMLSchema-instance"
    xsi:schemaLocation="http://www.loc.gov/MARC21/slim http://www.loc.gov/standards/marcxml/schema/MARC21slim.xsd"
    xmlns="http://www.loc.gov/MARC21/slim">

  <leader>01454nam a22001697a 4500</leader>
  <controlfield tag="003">SGT</controlfield>
  <datafield tag="020" ind1=" " ind2=" ">
    <subfield code="a">0070534071</subfield>
  </datafield>
  <datafield tag="082" ind1=" " ind2=" ">
    <subfield code="a">658.4012,RAS</subfield>
  </datafield>
  <datafield tag="100" ind1=" " ind2=" ">
    <subfield code="a">RASIEL,ETHAN M.</subfield>
  </datafield>
  <datafield tag="245" ind1=" " ind2=" ">
    <subfield code="a">THE MCKINSEY WAY</subfield>
    <subfield code="b">USING THE TECHNIQUES OF THE WORLD'S TOP STRATEGIC CONSULTANTS TO HELP YOU AND YOUR BUSINESS</subfield>
  </datafield>
  <datafield tag="250" ind1=" " ind2=" ">
    <subfield code="a">1ST</subfield>
  </datafield>
  <datafield tag="260" ind1=" " ind2=" ">
    <subfield code="a">NEW DELHI</subfield>
    <subfield code="b">TMH</subfield>
    <subfield code="c">1998</subfield>
  </datafield>
  <datafield tag="300" ind1=" " ind2=" ">
    <subfield code="a">187</subfield>
  </datafield>
  <datafield tag="650" ind1=" " ind2=" ">
    <subfield code="a">EXECUTIVE MANAGEMENT</subfield>
  </datafield>
  <datafield tag="653" ind1=" " ind2=" ">
    <subfield code="a">PART I: THE MCKINSEY WAY OF THINKING ABOUT BUSINESS PROBLEMS &#x2022;	CHAPTER 1. BUILDING THE SOLUTION  CHAPTER 2. DEVELOPING AN APPROACH  CHAPTER 3. 80/20 AND OTHER RULES TO LIVE BY PART II: THE MCKINSEY WAY OF WORKING TO SOLVE BUSINESS PROBLEMS &#x2022;	CHAPTER 4. SELLING A STUDY  CHAPTER 5. ASSEMBLING A TEAM  CHAPTER 6. MANAGING HIERARCHY  CHAPTER 7. DOING RESEARCH  CHAPTER 8. CONDUCTING INTERVIEWS  CHAPTER 9. BRAINSTORMING PART III: THE MCKINSEY WAY OF SELLING SOLUTIONS &#x2022;	CHAPTER 10. MAKING PRESENTATIONS  CHAPTER 11. DISPLAYING DATA WITH CHARTS  CHAPTER 12. MANAGING INTERNAL COMMUNICATIONS  CHAPTER 13. WORKING WITH CLIENTS PART IV: SURVING AT MCKINSEY &#x2022;	CHAPTER 14. FIND YOUR OWN MENTOR  CHAPTER 15. SURVIVING ON THE ROAD  CHAPTER 16. TAKE THESE THINGS WITH YOU WHEREVER YOU GO  CHAPTER 17. A GOOD ASSISTANT IS A LIFELINE  CHAPTER 18. RECRUITING MCKINSEY STYLE  CHAPTER 19. IF YOU WANT A LIFE, LAY DOWN SOME RULES LIFE AFTER MCKINSEY &#x2022;	CHAPTER 20. THE MOST VALUABLE LESSON  CHAPTER 21. MEMORIES OF MCKINSEY </subfield>
  </datafield>
  <datafield tag="942" ind1=" " ind2=" ">
    <subfield code="2">ddc</subfield>
    <subfield code="c">FCM</subfield>
  </datafield>
  <datafield tag="952" ind1=" " ind2=" ">
    <subfield code="0">0</subfield>
    <subfield code="1">0</subfield>
    <subfield code="2">ddc</subfield>
    <subfield code="4">0</subfield>
    <subfield code="7">1</subfield>
    <subfield code="8">CM</subfield>
    <subfield code="a">SSSL</subfield>
    <subfield code="b">SSSL</subfield>
    <subfield code="c">REF</subfield>
    <subfield code="d">2016-07-05</subfield>
    <subfield code="e">GIFT BY DR. J.D SINGH</subfield>
    <subfield code="g">475.00</subfield>
    <subfield code="i">SGTU</subfield>
    <subfield code="o">658.4012,RAS</subfield>
    <subfield code="p">CM1255</subfield>
    <subfield code="r">2016-07-05 00:00:00</subfield>
    <subfield code="w">2016-07-05</subfield>
    <subfield code="y">FCM</subfield>
  </datafield>
  <datafield tag="999" ind1=" " ind2=" ">
    <subfield code="c">9484</subfield>
    <subfield code="d">9484</subfield>
  </datafield>
</record>
